000 00728nam a2200289Ia 4500
001 50705
005 20240114005159.0
007 ta
008 090611s1981 g b000 u Ass u
020 _cHB
040 _aCotton College,Assam
041 _aAss
082 _a891.4109
_bHAZ
100 _aHazarika, Rajendra Nath .
245 0 _aSahitya Chetana /
_cRajendra Nath Hazarika.
_hTextual Documents
250 _a1st ed. /
260 _aGuwahati :
_bNirupama Prakashan ,
_c1981.
300 _a65p. ;
_c22 cm..
653 _aT/G-Assamese
653 _aG- Assamese
942 _2ddc
_cBK
999 _c50670
_d50670